00309 a2200097 4500001001000000005001700010008004100027245006000068100003000128773005300158ART_2496420260410161933.0260409a 10aEn torno a las medidas cambiarias vigentes del B.C.R.A.1 aStocker, Raúl Guillermo0 tInformeg- Año II, Nº 7 (ene. 1970)wREV23765